| 000 | 00900nam a2200265 a 4500 | ||
|---|---|---|---|
| 001 | 34893 | ||
| 003 | BD-RjUL | ||
| 005 | 20211209052228.0 | ||
| 008 | 140519r1961 uk | 000 0 eng | ||
| 035 | _a(BD-RjUL)34987 | ||
| 035 | _a(OCoLC)1476114 | ||
| 040 |
_aDLC _cOTU _dOCoLC _dDLC _dBD-RjUL _beng |
||
| 041 | _aeng | ||
| 082 | 0 | 0 |
_a822.3309 _bSHA 1961 |
| 100 |
_aShakespeare, William _9248444 |
||
| 245 | 1 | 4 |
_aThe Arden edition of the works of William Shakespeare : _b Julius Cæsar / _cWilliam Shakespeare ; ed. by T. S. Dorsch |
| 250 | _a6th ed., rev. and reset, special school ed. | ||
| 260 |
_aStrand : _bMethuen & Co. Ltd., _c1955 [Reprinted 1961] |
||
| 300 |
_aIxxiv, 166p. ; _c20 cm. |
||
| 504 | _aIncludes bibliographical references . | ||
| 650 |
_aEnglish Drama _xHistory and Criticism _9248445 |
||
| 700 |
_aDorsch, T. S. , ed. _965560 |
||
| 942 |
_2ddc _cRAR |
||
| 999 |
_c34893 _d34893 |
||